000
00217 a2200109 4500
020
_a
9781558858725
041
_a
spa
100
_a
Xavier Garza
245
_a
Solo una mordidita Chiquitita
942
_c
BK
952
_7
1
999
_c
23997
_d
23997